Flujo de caja y el control de la dirección
Đã lưu trong:
| Tác giả của công ty: | |
|---|---|
| Định dạng: | Sách |
| Ngôn ngữ: | Tiếng Tây Ban Nha |
| Được phát hành: |
Madrid
Ibérico Europea
1969
|
| Loạt: | Cuadernos de Alta Dirección
Research Report, 38 |
| Những chủ đề: | |
| Các nhãn: |
Thêm thẻ
Không có thẻ, Là người đầu tiên thẻ bản ghi này!
|
MARC
| LEADER | 00000nam a2200000 a 4500 | ||
|---|---|---|---|
| 001 | UCQ1120 | ||
| 003 | CL-VaPUC | ||
| 008 | 980709e19690000SP |||||||||||||||||spa|d | ||
| 082 | 0 | 4 | |a 658.151 |b NAA |2 21 |
| 110 | 2 | |a N.A.A |e author |9 414708 | |
| 245 | 1 | 0 | |a Flujo de caja y el control de la dirección |
| 300 | |a 90 p | ||
| 942 | |c BK | ||
| 945 | |d 19980709 00:00:00 |a cmena | ||
| 260 | |a Madrid |b Ibérico Europea |c 1969 | ||
| 650 | 0 | |a Administración de empresas |9 260833 | |
| 650 | 0 | |a Administración financiera |9 261146 | |
| 650 | 0 | |a Estados de cuentas |9 352305 | |
| 650 | 0 | |a Control presupuestario |9 345693 | |
| 650 | 7 | |a PLANIFICACION Y CONTROL |2 CL-VaPUC |9 414709 | |
| 583 | |a last modification |c 19980709 00:00:00 |k Rodrigo Vera | ||
| 490 | 0 | |a Cuadernos de Alta Dirección | |
| 490 | 0 | |a Research Report, 38 | |
| 999 | |c 272124 |d 272122 | ||
| 952 | |0 0 |1 0 |4 0 |6 658_151000000000000_NAA_1969 |7 0 |8 A |9 306989 |a BIBGIM |b BIBGIM |d 2019-11-20 |i 1433350 |o 658.151 NAA 1969 |p 1433350 |r 2025-01-15 |w 2019-11-20 |y BK |k COM | ||
| 952 | |0 0 |1 0 |4 0 |6 658_151000000000000_NAA_1969 |7 0 |8 A |9 306990 |a BIBGIM |b BIBGIM |d 2019-11-20 |i 1433377 |l 1 |o 658.151 NAA 1969 |p 1433377 |r 2025-01-15 |s 2022-06-23 |w 2019-11-20 |y BK |k COM | ||